|
|
|
|
| LEADER |
01657nam a22004338i 4500 |
| 001 |
36741 |
| 003 |
BD-DhAAL |
| 005 |
20211129112446.0 |
| 008 |
191125t2020 nyu b 001 0 eng d |
| 999 |
|
|
|c 41276
|d 41276
|
| 010 |
|
|
|a 2018051622
|
| 020 |
|
|
|a 1292304154
|
| 020 |
|
|
|a 9781292304151
|
| 020 |
|
|
|a 9780135183809 (alk. paper)
|
| 020 |
|
|
|a 0135183804
|
| 020 |
|
|
|a 9780134998435 (alk. paper)
|
| 020 |
|
|
|z 9780135161081 (e-ISBN)
|
| 020 |
|
|
|z 9780134998428 (e-ISBN)
|
| 020 |
|
|
|a 0135183804
|
| 040 |
|
|
|a DLC
|b eng
|c DLC
|e rda
|d BD-DhAAL
|
| 042 |
|
|
|a pcc
|
| 050 |
0 |
0 |
|a HG4026
|b .B46 2020
|
| 082 |
0 |
0 |
|a 658.15
|2 23
|
| 100 |
1 |
|
|a Berk, Jonathan B.,
|d 1962-
|9 37632
|
| 245 |
1 |
0 |
|a Corporate finance /
|c Jonathan Berk and Peter DeMarzo
|
| 250 |
|
|
|a Fifth edition.
|
| 260 |
|
|
|a New York, NY :
|b Pearson,
|c c2020
|
| 300 |
|
|
|a 1181 pages :
|b illustrations ;
|c 26 cm.
|
| 490 |
0 |
|
|a The Pearson series in finance
|
| 504 |
|
|
|a Includes bibliographical references and index.
|
| 526 |
|
|
|a BBS
|
| 541 |
|
|
|a Development Book Agency
|e 36741, 36793
|
| 650 |
|
0 |
|a Corporations
|x Finance.
|9 37633
|
| 650 |
|
0 |
|a Business & finance.
|9 43360
|
| 700 |
1 |
|
|a DeMarzo, Peter M.
|9 37634
|
| 852 |
|
|
|a Ayesha Abed Library
|c General Stacks
|
| 942 |
|
|
|2 ddc
|c BK
|
| 952 |
|
|
|0 0
|1 0
|2 ddc
|4 0
|6 658_150000000000000_BER
|7 0
|9 67270
|a BRACUL
|b BRACUL
|c GEN
|d 2019-11-24
|e Development Book Agency
|g 5536.00
|l 0
|o 658.15 BER
|p 3010036741
|r 2019-11-24
|t 1
|v 5536.00
|w 2019-11-24
|y BK
|
| 952 |
|
|
|0 0
|1 0
|2 ddc
|4 0
|6 658_150000000000000_BER
|7 0
|9 67411
|a BRACUL
|b BRACUL
|c GEN
|d 2019-12-10
|e Development Book Agency
|g 5536.00
|l 1
|m 1
|o 658.15 BER
|p 3010036793
|r 2023-01-24
|s 2023-01-15
|t 2
|v 5536.00
|w 2019-12-10
|y BK
|